000 01663cam a2200301 i 4500
001 15869
003 DO-SdUEMH
005 20260302233827.0
007 ta
008 211105s2007 dr a|||gr|||||0|0 ||spa|d
040 _aDO-SdUEMH
_bspa
_erda
041 _aspa
082 _mRD
_a362.1969792
_bR426a
110 1 _aRepública Dominicana.
_bConsejo Presidencial del SIDA
_93522
245 1 0 _aAnalisis de situacion y respuesta nacional a las ITS, el VIH y el SIDA :
_bRepública Dominicana, 2007 /
_cConsejo Presidencial del SIDA (COPRESIDA)
264 1 _aSanto Domingo, República Dominicana :
_bConsejo Presidencial del SIDA (COPRESIDA),
_c2007
300 _a144 páginas :
_bilustraciones ;
_c23 cm
336 _2rdacontent
_atexto
_btxt
337 _2rdamedia
_asin mediación
_bn
338 _2rdacarrier
_avolumen
_bnc
490 0 _aPlan Estratégico Nacional (PEN) para la Prevención y el Control de las ITS, VIH y SIDA 2007-2015 ;
_v1
500 _aRealizado con el apoyo del Programa Respuesta Nacional frente al VIH/SIDA (Donación No. DMR-202-GO1H-00) y The Global Fund.
504 _aBibliografía en páginas 142-144.
505 2 _aIntroducción -- Contexto nacional y la respuesta a las ITS, el VIH y el SIDA -- Contexto internacional -- Panorama epidemiológico de las ITS, el VIH y el SIDA en R.D. -- Marco legal para las respuestas nacional al VIH/SIDA -- Análisis de la respuesta al VIH y al SIDA -- Percepción del estado de situación y respuesta ante la epidemia del VIH y SIDA
650 7 _aSIDA
_zRepública Dominicana
_93523
650 4 _aEnfermedades de transmisión sexual
_zRepública Dominicana
_xPrevención
_92711
942 _2ddc
_cBK
_n0
999 _c15869
_d15869